000 00753nam a2200193 i 4500
001 20506
003 ES-MaACL
005 20250902073146.0
007 t|
008 021113s1963 sp ||||1| spa d
245 0 0 _aAccidentes del trabajo
_b: texto refundido de la legislación de accidentes del trabajo y reglamento para su aplicación, [aprobados por decreto del Ministerio de Trabajo, de 22 de junio de 1956].
260 _aMadrid :
_bGarcía Enciso,
_c[1963]
300 _a190 p. ;
_c16 cm.
490 1 _aColección "García Enciso"
650 _aAccidentes de trabajo-
_xDerecho y legislación-
_zEspaña.
_9169637
830 0 0 _aColección "García Enciso"
_9176884
852 _aES-MaACL
_jC-27120
_bR.56265
999 _c20506
_d20506